000 00584nam a2200217Ia 4500
003 OSt
005 20220927114249.0
006 a|||||r|||| 00| 0
007 ta
008 220926b |||||||| |||| 00| 0 eng d
024 _a149299
037 _cTextbook
040 _aRTL
_cRTL
_beng
041 _2eng
_aeng
082 _a"X, TD"
100 _aFERNANDEZ Rauel
_9388176
245 0 _aStriking for a bargin between two completely informed agents
700 _a GLAZER Jaeob
_9388177
942 _h"X, TD"
_cCC
999 _c704032
_d704032